| 000 -CABECERA |
| Longitud fija campo de control |
00624nam a2200205 a 4500 |
| 001 - NÚMERO DE CONTROL |
| Número de control |
2905 |
| 003 - IDENTIFICADOR DEL NÚMERO DE CONTROL |
| Identificador del número de control |
CDMR |
| 005 - FECHA Y HORA DE LA ÚLTIMA TRANSACCIÓN |
| Fecha y hora de la última transacción |
20131127175453.0 |
| 008 - CÓDIGOS DE INFORMACIÓN DE LONGITUD FIJA |
| Códigos de información de longitud fija |
130130s1977||||||||||||||||||||||||||||d |
| 020 ## - NÚMERO INTERNACIONAL NORMALIZADO PARA LIBROS |
| Número Internacional Normalizado para Libros (ISBN) |
8425206294 |
| 040 ## - FUENTE DE LA CATALOGACIÓN |
| Centro catalogador de origen |
CDMR |
| Lengua de catalogación |
cat |
| Centro transcriptor |
CDMR |
| 245 00 - MENCIÓN DE TÍTULO |
| Título |
Miseria de la comunicación visual |
| Resto del título |
: elementos para una crítica de la industria de la conciencia |
| Mención de responsabilidad, etc. |
H.K. Ehmer et alt. |
| 260 ## - PUBLICACIÓN, DISTRIBUCIÓN, ETC. (PIE DE IMPRENTA) |
| Lugar de publicación, distribución, etc. |
Barcelona |
| Fecha de publicación, distribución, etc. |
1977 |
| Nombre del editor, distribuidor, etc. |
Gustavo Gili |
| 300 ## - DESCRIPCIÓN FÍSICA |
| Extensión |
428 p. |
| 490 0# - MENCIÓN DE SERIE |
| Mención de serie |
GG Comunicación visual |
| 650 04 - PUNTO DE ACCESO ADICIONAL DE MATERIA - TÉRMINO DE MATERIA |
| 9 (RLIN) |
3737 |
| Término de materia o nombre geográfico como elemento inicial |
Comunicació visual |
| 650 04 - PUNTO DE ACCESO ADICIONAL DE MATERIA - TÉRMINO DE MATERIA |
| 9 (RLIN) |
3349 |
| Término de materia o nombre geográfico como elemento inicial |
Anàlisi del discurs |
| 700 1# - PUNTO DE ACCESO ADICIONAL - NOMBRE DE PERSONA |
| 9 (RLIN) |
2137 |
| Nombre de persona |
Ehmer, Hermann Karl |
| 942 ## - ENTRADA DE ELEMENTOS AGREGADOS (KOHA) |
| Koha [por defecto] tipo de item |
Monografies |
| Fuente de clasificaión o esquema |
|